[Event "TCh-ITA 2012"]
[Site "Arvier ITA"]
[Date "2012.04.30"]
[Round "5"]
[White "Codenotti, Marco"]
[Black "Rossi, Carlo1"]
[Result "1/2-1/2"]
[WhiteTitle "FM"]
[BlackTitle "IM"]
[WhiteElo "2328"]
[BlackElo "2297"]
[WhiteTeam "Acc. Scacch. Italiana Bologna"]
[BlackTeam "Pizzato Elettr. Scacchi Marostica"]
[WhiteFideId "800015"]
[BlackFideId "800651"]
[EventDate "2012.04.27"]

1. e4 Nc6 2. Nf3 d6 3. d4 Nf6 4. Nc3 Bg4 5. Be3 g6 6. h3 Bxf3 7. Qxf3 Bg7 8.
O-O-O O-O 9. h4 h5 10. d5 Ne5 11. Qg3 c5 12. Be2 b5 13. f4 Nc4 14. e5 dxe5 15.
fxe5 Ng4 16. Bxg4 hxg4 17. h5 Bxe5 18. Bf4 Bg7 19. Qh4 g5 20. Qxg5 Kh8 21. Rh4
f5 22. Re1 b4 23. Nd1 Qxd5 24. Rxe7 Rf7 25. Rxf7 Qxf7 26. Rh1 Re8 27. b3 Re2 28.
Qd8+ Re8 29. Qg5 Re2 30. Qd8+ Re8 1/2-1/2

[Event "TCh-ITA 2012"]
[Site "Arvier ITA"]
[Date "2012.04.30"]
[Round "5"]
[White "Schacher, Gerd"]
[Black "De Filomeno, Simone"]
[Result "0-1"]
[WhiteTitle "FM"]
[BlackTitle "FM"]
[WhiteElo "2340"]
[BlackElo "2280"]
[WhiteTeam "Pizzato Elettr. Scacchi Marostica"]
[BlackTeam "Acc. Scacch. Italiana Bologna"]
[WhiteFideId "803979"]
[BlackFideId "828688"]
[EventDate "2012.04.27"]

1. Nf3 d5 2. c4 e6 3. g3 Nf6 4. Bg2 dxc4 5. Qc2 Nbd7 6. Na3 Bxa3 7. bxa3 O-O 8.
O-O Rb8 9. Rb1 c5 10. Qxc4 b6 11. d3 Bb7 12. a4 Bd5 13. Qc2 c4 14. Ba3 Re8 15.
Rbc1 cxd3 16. Qxd3 Bxa2 17. e4 Nc5 18. Qxd8 Rbxd8 19. Bxc5 bxc5 20. Rxc5 Nxe4
21. Rc7 Bd5 22. Rxa7 Ra8 23. Rxa8 Rxa8 24. Ra1 Nc5 25. Nd4 Bxg2 26. Kxg2 Rxa4
27. Rc1 Nd7 28. Rc8+ Nf8 29. Nc6 f6 30. Rc7 Ra8 31. Ne7+ Kh8 32. h4 h5 33. Nc6
e5 34. Nb4 Ne6 35. Re7 Nd4 36. Nd5 Ra2 37. Re8+ Kh7 38. Re7 Kh6 39. Re8 Kg6 40.
Rb8 Nf5 41. Rb7 Nd6 42. Ne7+ Kf7 43. Rc7 Ke6 44. Nc8 Ne4 45. Re7+ Kf5 46. Rxg7
Nxf2 47. Nd6+ Ke6 48. Nb5 Ng4+ 49. Kg1 Ne3 50. Nc7+ Kf5 51. Ne8 Ra6 52. Rf7 Ng4
53. Kg2 Ke4 54. Rb7 Ne3+ 55. Kh3 Ra1 56. Rb2 Ng4 57. Kg2 Ne3+ 58. Kh3 Rh1+ 59.
Rh2 Rf1 60. Ra2 Rh1+ 61. Rh2 Rxh2+ 62. Kxh2 Ng4+ 63. Kg2 Kd3 64. Ng7 e4 65. Nxh5
Kd2 66. Nf4 e3 67. Kf1 f5 68. h5 Kd1 69. Kg2 e2 70. Nxe2 Kxe2 71. Kh3 Ne5 72. h6
Nf7 73. h7 Ng5+ 74. Kh4 Nxh7 75. Kh5 Kf3 76. Kg6 Kg4 0-1

[Event "TCh-ITA 2012"]
[Site "Arvier ITA"]
[Date "2012.04.30"]
[Round "5"]
[White "Tomba, Ivan"]
[Black "Sader, Michael"]
[Result "0-1"]
[WhiteTitle "FM"]
[WhiteElo "2264"]
[BlackElo "2276"]
[WhiteTeam "Acc. Scacch. Italiana Bologna"]
[BlackTeam "Pizzato Elettr. Scacchi Marostica"]
[WhiteFideId "808431"]
[BlackFideId "1602012"]
[EventDate "2012.04.27"]

1. e4 c5 2. Nf3 e6 3. d4 cxd4 4. Nxd4 a6 5. Bd3 Qc7 6. O-O Nc6 7. Nb3 Nge7 8.
Nc3 Ng6 9. f4 Be7 10. Qf3 b5 11. f5 Nge5 12. Qg3 g6 13. Bg5 f6 14. Bh6 Rg8 15.
Be3 Kf7 16. Qh4 Kg7 17. Nd4 Nxd4 18. Bxd4 Bc5 19. Bxc5 Qxc5+ 20. Kh1 Qe7 21. Rf2
Bb7 22. Raf1 Raf8 23. Ne2 g5 24. Qg3 Kh8 25. fxe6 dxe6 26. Nd4 Ng6 27. Qh3 Nf4
28. Rxf4 gxf4 29. Qxe6 Qg7 30. Rf2 Re8 31. Qf5 Qg6 32. Ne6 f3 33. Qxg6 Rxg6 34.
Nc5 fxg2+ 35. Rxg2 Rxg2 36. Kxg2 Bc8 37. Kf3 Re5 38. b4 Rh5 39. Kg3 Kg7 40. a4
bxa4 41. Nxa4 Rg5+ 42. Kf2 h5 43. Nb6 Bb7 44. Nc4 f5 45. Nd6 fxe4 46. Nxe4 Rg6
47. Nc5 Rf6+ 48. Ke3 Bc8 49. Ne4 Rb6 50. c3 h4 51. Kf4 Rg6 52. Ng5 Rc6 53. Ne4
Kh6 54. b5 axb5 55. Bxb5 Rb6 56. c4 Rg6 57. Kf3 Bb7 58. c5 Rg5 59. h3 Rxc5 60.
Bd7 Rc3+ 61. Kf4 Rc4 62. Bf5 Rb4 63. Ke3 Bxe4 64. Bxe4 Kg5 65. Bd5 Ra4 66. Be6
Ra3+ 67. Ke4 Ra4+ 68. Ke3 Kf6 69. Bd7 Ra7 70. Bc8 Rc7 71. Bg4 Ke5 72. Kd3 Kf4
73. Kd4 Rg7 74. Be6 Rg3 75. Bd7 Rg1 76. Be6 Rd1+ 77. Kc3 Kg3 78. Kc2 Rh1 79. Kd2
Rxh3 0-1

[Event "TCh-ITA 2012"]
[Site "Arvier ITA"]
[Date "2012.04.30"]
[Round "5"]
[White "Castaldo, Folco"]
[Black "Lenic, Luka"]
[Result "0-1"]
[WhiteTitle "IM"]
[BlackTitle "GM"]
[WhiteElo "2417"]
[BlackElo "2637"]
[WhiteTeam "SS Eporediese Ivrea"]
[BlackTeam "SS Triestina"]
[WhiteFideId "806560"]
[BlackFideId "14603853"]
[EventDate "2012.04.27"]

1. e4 c5 2. Nf3 Nc6 3. Bb5 Nf6 4. Bxc6 dxc6 5. d3 g6 6. h3 Bg7 7. Nc3 Nd7 8. Be3
e5 9. Qd2 Qe7 10. Ng1 Nf8 11. Nge2 Ne6 12. O-O O-O 13. f4 exf4 14. Nxf4 Nd4 15.
Rae1 Bd7 16. Nce2 b6 17. Nxd4 cxd4 18. Bf2 Qg5 19. Kh1 f5 20. Bg1 c5 21. Rf2
fxe4 22. Rxe4 Rae8 23. Rxe8 Rxe8 24. b3 Bc6 25. Re2 Be5 26. Bh2 Rf8 27. Rf2 Qe7
28. Qe2 Qd6 29. Qg4 h5 30. Qe2 g5 31. Ne6 Rxf2 32. Qxf2 Qxe6 33. Qe2 Qxh3 0-1

[Event "TCh-ITA 2012"]
[Site "Arvier ITA"]
[Date "2012.04.30"]
[Round "5"]
[White "Lostuzzi, Manlio"]
[Black "Ranieri, Fabrizio"]
[Result "1-0"]
[WhiteTitle "FM"]
[BlackTitle "FM"]
[WhiteElo "2414"]
[BlackElo "2283"]
[WhiteTeam "SS Triestina"]
[BlackTeam "SS Eporediese Ivrea"]
[WhiteFideId "802441"]
[BlackFideId "806927"]
[EventDate "2012.04.27"]

1. d4 e6 2. c4 d5 3. Nf3 c6 4. Qc2 Nf6 5. g3 Nbd7 6. Bg2 Be7 7. O-O O-O 8. Bg5
b6 9. Nbd2 Bb7 10. e4 dxe4 11. Nxe4 Nxe4 12. Bxe7 Qxe7 13. Qxe4 Nf6 14. Qe3 c5
15. Rad1 cxd4 16. Rxd4 h6 17. Rfd1 Rad8 18. Ne5 Bxg2 19. Kxg2 Rxd4 20. Qxd4 Rc8
21. b3 b5 22. cxb5 Qb7+ 23. Nc6 Nd5 24. Qc5 a6 25. Rxd5 exd5 26. Ne7+ Kh7 27.
Nxc8 axb5 28. Nd6 Qa8 29. Qc2+ g6 30. Nxb5 d4+ 31. Kg1 1-0

[Event "TCh-ITA 2012"]
[Site "Arvier ITA"]
[Date "2012.04.30"]
[Round "5"]
[White "Mariano, Elia"]
[Black "Mocchi, Tullio"]
[Result "1/2-1/2"]
[BlackTitle "FM"]
[WhiteElo "2156"]
[BlackElo "2270"]
[WhiteTeam "SS Eporediese Ivrea"]
[BlackTeam "SS Triestina"]
[WhiteFideId "806579"]
[BlackFideId "806889"]
[EventDate "2012.04.27"]

1. d4 c6 2. c4 d5 3. Nf3 Nf6 4. Nc3 dxc4 5. a4 Bf5 6. e3 e6 7. Bxc4 Nbd7 8. O-O
Bb4 9. Bd2 O-O 10. Ne4 Bxd2 11. Nxf6+ Nxf6 12. Qxd2 a5 13. Rfc1 Qe7 14. Bd3 Rfd8
15. Bxf5 exf5 16. Qe1 Ne4 17. Nd2 Nxd2 18. Qxd2 Rd5 19. g3 g6 20. Rc4 Qc7 21.
Rac1 Rad8 22. Qc3 R8d6 23. Rc5 Qd8 24. Rxd5 Rxd5 25. Qb3 Qd7 26. Rc5 Kg7 27. Qb6
Rxc5 28. Qxc5 Qc7 29. d5 Qe5 30. Qxa5 Qxb2 31. dxc6 Qb1+ 32. Kg2 Qe4+ 33. Kg1
Qb1+ 34. Kg2 Qe4+ 35. Kg1 Qb1+ 1/2-1/2

[Event "TCh-ITA 2012"]
[Site "Arvier ITA"]
[Date "2012.04.30"]
[Round "5"]
[White "Cherin, Diego"]
[Black "Saccona, Silvano"]
[Result "1-0"]
[WhiteTitle "FM"]
[WhiteElo "2272"]
[BlackElo "2178"]
[WhiteTeam "SS Triestina"]
[BlackTeam "SS Eporediese Ivrea"]
[WhiteFideId "816922"]
[BlackFideId "805653"]
[EventDate "2012.04.27"]

1. e4 c6 2. d4 d5 3. e5 Bf5 4. c4 e6 5. Nc3 dxc4 6. Bxc4 Nd7 7. Nge2 Nb6 8. Bb3
Ne7 9. O-O h6 10. Kh1 Bh7 11. a4 Nbd5 12. a5 Nxc3 13. bxc3 Nd5 14. c4 Nc7 15.
Nf4 Be7 16. d5 exd5 17. cxd5 g5 18. Ne6 fxe6 19. Qh5+ Kd7 20. d6 Nd5 21. Bxd5
cxd5 22. dxe7 Qxe7 23. Ba3 Qg7 24. Qe2 Ke8 25. Rac1 Rd8 26. Bd6 a6 27. Rc7 Rd7
28. Rfc1 Qg6 29. Rxd7 Kxd7 30. Qb2 b5 31. axb6 1-0

[Event "TCh-ITA 2012"]
[Site "Arvier ITA"]
[Date "2012.04.30"]
[Round "6"]
[White "De Filomeno, Simone"]
[Black "Bellini, Fabio"]
[Result "1/2-1/2"]
[WhiteTitle "FM"]
[BlackTitle "IM"]
[WhiteElo "2280"]
[BlackElo "2509"]
[WhiteTeam "Acc. Scacch. Italiana Bologna"]
[BlackTeam "Ob. Risarcimento Padova"]
[WhiteFideId "828688"]
[BlackFideId "800252"]
[EventDate "2012.04.27"]

1. e4 e5 2. Nf3 Nc6 3. Bb5 Nf6 4. O-O Nxe4 5. d4 Be7 6. Qe2 Nd6 7. Bxc6 bxc6 8.
dxe5 Nf5 9. Qe4 g6 10. g4 Ng7 11. Bh6 O-O 12. Nd4 d5 13. Qg2 Qd7 14. Nc3 Re8 15.
h3 Ba6 16. Rfe1 c5 17. Nf5 Nxf5 18. e6 fxe6 19. gxf5 Bf8 20. fxe6 Rxe6 21. Rxe6
Qxe6 22. Nxd5 Bb7 23. Nf6+ Qxf6 24. Qxb7 Rd8 25. Bxf8 Rxf8 26. Qd5+ Kg7 27. Qxc5
Qxb2 28. Rd1 Rf7 29. Qd4+ Qxd4 30. Rxd4 Rf3 1/2-1/2

[Event "TCh-ITA 2012"]
[Site "Arvier ITA"]
[Date "2012.04.30"]
[Round "6"]
[White "Efimov, Igor"]
[Black "Costantini, Roberto"]
[Result "1/2-1/2"]
[WhiteTitle "GM"]
[BlackTitle "FM"]
[WhiteElo "2405"]
[BlackElo "2290"]
[WhiteTeam "Ob. Risarcimento Padova"]
[BlackTeam "Acc. Scacch. Italiana Bologna"]
[WhiteFideId "806404"]
[BlackFideId "807621"]
[EventDate "2012.04.27"]

1. d4 d5 2. Nf3 Nf6 3. e3 c6 4. c4 Bf5 5. Nc3 e6 6. Bd3 Bxd3 7. Qxd3 Be7 8. O-O
O-O 9. Ne5 Nbd7 10. f4 Bb4 11. Ne2 Ne4 12. Qb3 Nxe5 13. fxe5 Qb6 14. c5 Qb5 15.
Nf4 Ba5 16. Qxb5 cxb5 17. Nd3 Bc7 18. a4 a6 19. Nf2 Nxf2 1/2-1/2

[Event "TCh-ITA 2012"]
[Site "Arvier ITA"]
[Date "2012.04.30"]
[Round "6"]
[White "Garcia Palermo, Carlos"]
[Black "Brunello, Sabino"]
[Result "0-1"]
[WhiteTitle "GM"]
[BlackTitle "GM"]
[WhiteElo "2479"]
[BlackElo "2587"]
[WhiteTeam "Chieti"]
[BlackTeam "Scavolini Datagest Pesaro"]
[WhiteFideId "110124"]
[BlackFideId "813613"]
[EventDate "2012.04.27"]

1. d4 Nf6 2. Nf3 e6 3. c4 c5 4. d5 d6 5. Nc3 exd5 6. cxd5 g6 7. Bf4 a6 8. a4 Bg7
9. h3 O-O 10. e3 Qe7 11. Nd2 Nbd7 12. Be2 Ne8 13. Nc4 Ne5 14. Nb6 Rb8 15. O-O f5
16. Bh2 Nf6 17. a5 Nfd7 18. f4 Nf7 19. Nc4 b5 20. axb6 Nxb6 21. Na5 Qxe3+ 22.
Kh1 Bxc3 23. bxc3 Nxd5 24. Bc4 Nxc3 25. Qxd6 Rb2 26. Bxf7+ Rxf7 27. Nc4 Qe2 28.
Nxb2 Qxb2 29. Qxc5 Bb7 30. Qf2 Qb5 31. Rfc1 Re7 32. Rxc3 Re2 33. Qd4 Bxg2+ 34.
Kg1 Bb7 35. Qd8+ Re8 36. Qd1 Qb6+ 37. Kf1 Qb5+ 38. Rd3 Qc6 39. Ra2 Qh1+ 40. Bg1
Re4 41. Qb3+ Kf8 42. Rf2 Bc6 43. Qa3+ Kg7 44. Qxa6 Ra4 45. Qb6 Ra1+ 46. Ke2 Ra2+ 0-1

[Event "TCh-ITA 2012"]
[Site "Arvier ITA"]
[Date "2012.04.30"]
[Round "6"]
[White "Rombaldoni, Denis"]
[Black "D'Amore, Carlo"]
[Result "1/2-1/2"]
[WhiteTitle "IM"]
[BlackTitle "IM"]
[WhiteElo "2520"]
[BlackElo "2493"]
[WhiteTeam "Scavolini Datagest Pesaro"]
[BlackTeam "Chieti"]
[WhiteFideId "813575"]
[BlackFideId "800066"]
[EventDate "2012.04.27"]

1. d4 d5 2. c4 c6 3. Nc3 Nf6 4. Nf3 a6 5. a4 e6 6. g3 dxc4 7. Bg2 c5 8. dxc5
Qxd1+ 9. Nxd1 Bd7 10. Ne5 Nc6 11. Nxc6 Bxc6 12. Bxc6+ bxc6 13. a5 Bxc5 14. Ra4
Be7 15. Rxc4 c5 16. Bd2 O-O 17. e4 Rfc8 18. Ne3 Ne8 19. Bc3 Nd6 20. Ra4 Nb5 21.
Nc4 Rd8 22. Nb6 Rab8 23. Ke2 f6 24. Rc1 Kf7 25. Rc4 Rb7 26. b3 Na3 27. Ra4 Nb5
28. Rc4 Na3 29. Ra4 Nb5 30. Bb2 Na7 31. Rac4 Nc8 32. Bc3 Nxb6 33. axb6 Rdb8 34.
Ba5 Bd8 35. Rxc5 Bxb6 36. Bxb6 Rxb6 37. Rc7+ Kg6 38. Ra7 R8b7 39. Rxb7 Rxb7 40.
Rc3 Rb4 1/2-1/2

[Event "TCh-ITA 2012"]
[Site "Arvier ITA"]
[Date "2012.04.30"]
[Round "6"]
[White "Stella, Andrea"]
[Black "Rombaldoni, Axel"]
[Result "0-1"]
[WhiteTitle "IM"]
[BlackTitle "IM"]
[WhiteElo "2439"]
[BlackElo "2464"]
[WhiteTeam "Chieti"]
[BlackTeam "Scavolini Datagest Pesaro"]
[WhiteFideId "827061"]
[BlackFideId "815837"]
[EventDate "2012.04.27"]

1. Nf3 Nf6 2. c4 g6 3. g3 Bg7 4. Bg2 d5 5. cxd5 Nxd5 6. d4 Nb6 7. Nc3 Nc6 8. e3
O-O 9. O-O a5 10. d5 Nb4 11. e4 f5 12. Ng5 h6 13. Ne6 Bxe6 14. dxe6 Qxd1 15.
Rxd1 c6 16. exf5 gxf5 17. a3 Nc2 18. Rb1 Rad8 19. Bf4 Nc4 20. Bf1 Ne5 21. Bxe5
Bxe5 22. Rbc1 Nd4 23. f4 Bg7 24. Kg2 Rd6 25. Bc4 b5 26. Ba2 b4 27. Na4 b3 28.
Bb1 Rxe6 29. Bd3 Rd6 30. Bc4+ Kh8 31. Nc5 Rb8 32. Rd3 Nc2 33. Rxb3 Rxb3 34. Bxb3
Rd2+ 35. Kf1 Ne3+ 36. Kg1 Bxb2 37. Rb1 Bd4 38. Ne6 Ba7 39. h3 Ng4+ 40. Kf1 Nh2+
41. Ke1 Nf3+ 0-1

[Event "TCh-ITA 2012"]
[Site "Arvier ITA"]
[Date "2012.04.30"]
[Round "6"]
[White "Genov, Petar"]
[Black "David, Alberto"]
[Result "1/2-1/2"]
[WhiteTitle "GM"]
[BlackTitle "GM"]
[WhiteElo "2463"]
[BlackElo "2604"]
[WhiteTeam "Latina"]
[BlackTeam "SS Milanese"]
[WhiteFideId "2900211"]
[BlackFideId "4000013"]
[EventDate "2012.04.27"]

1. d4 Nf6 2. c4 e6 3. Nf3 b6 4. g3 Bb7 5. Bg2 Bb4+ 6. Bd2 c5 7. O-O O-O 8. Bxb4
cxb4 9. a3 bxa3 10. Rxa3 a5 11. Nc3 Na6 12. Ne1 Bxg2 13. Nxg2 Rc8 14. Ne3 Nb4
15. Na2 Nxa2 16. Rxa2 d5 17. b3 Qd6 18. Qd3 Rfd8 19. Rd1 h5 20. Rc2 g6 21. Rdc1
dxc4 22. Nxc4 Qxd4 23. Qxd4 Rxd4 24. Nxb6 Rxc2 25. Rxc2 Rb4 26. Nc4 Rxb3 27.
Nxa5 1/2-1/2

[Event "TCh-ITA 2012"]
[Site "Arvier ITA"]
[Date "2012.04.30"]
[Round "6"]
[White "Arlandi, Ennio"]
[Black "Caprio, Guido"]
[Result "0-1"]
[WhiteTitle "IM"]
[BlackTitle "FM"]
[WhiteElo "2436"]
[BlackElo "2398"]
[WhiteTeam "SS Milanese"]
[BlackTeam "Latina"]
[WhiteFideId "800104"]
[BlackFideId "834580"]
[EventDate "2012.04.27"]

1. d4 Nf6 2. c4 e6 3. Nc3 Bb4 4. Qc2 O-O 5. a3 Bxc3+ 6. Qxc3 b6 7. Bg5 Bb7 8.
Nf3 d6 9. Nd2 Nbd7 10. e3 a5 11. b3 h6 12. Bh4 c5 13. dxc5 Nxc5 14. f3 e5 15.
Be2 Rc8 16. Qb2 Ba6 17. O-O Qe7 18. Rfd1 g5 19. Bf2 Qe6 20. b4 Ncd7 21. e4 Nh5
22. g3 Ng7 23. Rac1 f5 24. Bd3 Rb8 25. exf5 Nxf5 26. Be4 Nf6 27. Qb3 Kg7 28. Qd3
Ne7 29. b5 Bc8 30. Nf1 Nxe4 31. fxe4 Rf6 32. Rd2 Qf7 33. Ne3 h5 34. Kg2 Be6 35.
Nd5 Rf3 36. Be3 Rf8 37. Qe2 Nxd5 38. cxd5 Bg4 39. Rdc2 Qf6 40. Rc7+ Kg8 41. Qe1
h4 42. Bxb6 hxg3 43. hxg3 Qh6 44. Qh1 Rf2+ 45. Kg1 Rf1+ 46. Rxf1 Rxf1+ 47. Kxf1
Qxh1+ 48. Kf2 Qh2+ 0-1

[Event "TCh-ITA 2012"]
[Site "Arvier ITA"]
[Date "2012.04.30"]
[Round "6"]
[White "Malloni, Marcello"]
[Black "Brunello, Marina"]
[Result "1/2-1/2"]
[WhiteTitle "FM"]
[BlackTitle "WIM"]
[WhiteElo "2339"]
[BlackElo "2263"]
[WhiteTeam "Latina"]
[BlackTeam "SS Milanese"]
[WhiteFideId "802956"]
[BlackFideId "822590"]
[EventDate "2012.04.27"]

1. d4 Nf6 2. c4 e6 3. Nc3 c5 4. d5 exd5 5. cxd5 d6 6. e4 g6 7. f4 Bg7 8. Bb5+
Nfd7 9. Nf3 O-O 10. O-O Na6 11. Kh1 Nc7 12. Bd3 Rb8 13. f5 Ne8 14. Bg5 f6 15.
Be3 g5 16. Qd2 Qe7 17. b4 b6 18. Rab1 Kh8 19. Rfc1 Rf7 20. Rb3 Bf8 21. Rcb1 Ne5
22. Nxe5 Qxe5 23. Ra3 Rg7 24. Bf2 Rbb7 25. Bg3 Qe7 26. Qe2 Qd8 27. Bb5 Rbc7 28.
bxc5 bxc5 29. Bc6 a6 30. Rb8 Qe7 31. Rab3 Rg8 32. Ra8 Ng7 33. Rbb8 Bb7 34. Bxb7
Rxb7 35. Rd8 Nxf5 36. Qxa6 Nxg3+ 37. hxg3 Rd7 38. Re8 Qg7 39. Qc8 Rf7 40. Qf5
Rb7 41. Kg1 Qh6 42. e5 dxe5 43. Ne4 Rb1+ 44. Kf2 Rb2+ 45. Kg1 Rb1+ 46. Kf2 Rb2+ 1/2-1/2

[Event "TCh-ITA 2012"]
[Site "Arvier ITA"]
[Date "2012.04.30"]
[Round "6"]
[White "Profumo, Alberto"]
[Black "Lucaroni, Massimiliano"]
[Result "1-0"]
[BlackTitle "FM"]
[WhiteElo "2235"]
[BlackElo "2280"]
[WhiteTeam "SS Milanese"]
[BlackTeam "Latina"]
[WhiteFideId "806587"]
[BlackFideId "802484"]
[EventDate "2012.04.27"]

1. Nf3 e6 2. g3 f5 3. c4 Nf6 4. Bg2 Be7 5. Nc3 O-O 6. O-O d6 7. d4 Qe8 8. b3 a5
9. Bb2 Na6 10. Re1 Qg6 11. a3 Bd7 12. Qc2 Ne4 13. Rad1 Bf6 14. e3 c6 15. Nxe4
fxe4 16. Ne5 dxe5 17. dxe5 Bg5 18. Rxd7 Nc5 19. Rd2 Nd3 20. Rf1 Rxf2 21. Rdxf2
Bxe3 22. Qe2 Bxf2+ 23. Rxf2 Nxf2 24. Kxf2 Qf5+ 25. Kg1 e3 26. Qxe3 Rd8 27. Bc3
Qc2 28. Be1 Rd3 29. Qf2 Qxb3 30. Bxa5 Qxa3 31. Bb6 Qc1+ 32. Bf1 Rd7 33. Be3 Qb1
34. Qe2 Rf7 35. Qd3 Qe1 36. Bf4 h6 37. h4 Qa5 38. h5 Qc5+ 39. Kg2 b6 40. Be2 Qe7
41. Qe4 Qd7 42. Bd3 Rf5 43. Qf3 Rf8 44. Be4 Qd4 45. Qe2 b5 46. Bxc6 bxc4 47. Qg4
Qb2+ 48. Kh3 Qc2 49. Qxe6+ Kh7 50. Be8 Qe2 51. Bg6+ Kh8 52. Qc6 Qf1+ 53. Kg4
Qd1+ 54. Qf3 Qd7+ 55. Kh4 Qd8+ 56. Kh3 Qc8+ 57. Kg2 c3 58. Qe4 Qa8 59. Qxa8 Rxa8
60. e6 c2 61. e7 1-0

[Event "TCh-ITA 2012"]
[Site "Arvier ITA"]
[Date "2012.04.30"]
[Round "6"]
[White "Palac, Mladen"]
[Black "Horvath, Csaba"]
[Result "1/2-1/2"]
[WhiteTitle "GM"]
[BlackTitle "GM"]
[WhiteElo "2593"]
[BlackElo "2509"]
[WhiteTeam "CPS Banca Nuova"]
[BlackTeam "L'Arrocco A di Roma"]
[WhiteFideId "14500116"]
[BlackFideId "700118"]
[EventDate "2012.04.27"]

1. e4 e5 2. Nf3 Nc6 3. Bb5 a6 4. Ba4 Nf6 5. O-O Be7 6. d3 b5 7. Bb3 O-O 8. Re1
d6 9. c3 Na5 10. Bc2 c5 11. Nbd2 Re8 12. Nf1 Bf8 1/2-1/2

[Event "TCh-ITA 2012"]
[Site "Arvier ITA"]
[Date "2012.04.30"]
[Round "6"]
[White "Testa, Adriano"]
[Black "Mazzilli, Piero"]
[Result "1/2-1/2"]
[BlackTitle "FM"]
[WhiteElo "2240"]
[BlackElo "2340"]
[WhiteTeam "L'Arrocco A di Roma"]
[BlackTeam "CPS Banca Nuova"]
[WhiteFideId "823392"]
[BlackFideId "807087"]
[EventDate "2012.04.27"]

1. Nf3 Nf6 2. g3 g6 3. Bg2 Bg7 4. O-O O-O 5. c4 d6 6. d4 Nbd7 7. Nc3 e5 8. h3 c6
9. e4 Qc7 10. b3 Rd8 11. Bb2 a5 12. Re1 exd4 13. Nxd4 Nc5 14. Qc2 Qb6 15. Rad1
a4 16. Kh2 axb3 17. axb3 Ne6 18. Nxe6 Bxe6 19. Ra1 Rxa1 20. Bxa1 Nd7 21. Na4 Qb4
22. Bc3 Bxc3 1/2-1/2

[Event "TCh-ITA 2012"]
[Site "Arvier ITA"]
[Date "2012.04.30"]
[Round "6"]
[White "Genovese, Maurizio"]
[Black "Lantini, Marco"]
[Result "1/2-1/2"]
[WhiteTitle "FM"]
[WhiteElo "2257"]
[BlackElo "2147"]
[WhiteTeam "CPS Banca Nuova"]
[BlackTeam "L'Arrocco A di Roma"]
[WhiteFideId "802930"]
[BlackFideId "801054"]
[EventDate "2012.04.27"]

1. d4 d5 2. c4 e6 3. Nc3 Nf6 4. cxd5 exd5 5. Bg5 Be7 6. e3 c6 7. Bd3 Nbd7 8. Nf3
Nf8 9. O-O Ne6 10. Bh4 g6 11. Rb1 Ng7 12. Bg3 Bf5 13. h3 O-O 14. Bh2 Bxd3 15.
Qxd3 Nf5 1/2-1/2

[Event "TCh-ITA 2012"]
[Site "Arvier ITA"]
[Date "2012.04.30"]
[Round "6"]
[White "Lenic, Luka"]
[Black "Antoniewski, Rafal"]
[Result "1-0"]
[WhiteTitle "GM"]
[BlackTitle "GM"]
[WhiteElo "2637"]
[BlackElo "2559"]
[WhiteTeam "SS Triestina"]
[BlackTeam "Libertas Nereto"]
[WhiteFideId "14603853"]
[BlackFideId "1111078"]
[EventDate "2012.04.27"]

1. Nf3 Nf6 2. c4 g6 3. Nc3 Bg7 4. d4 d6 5. e4 O-O 6. Be2 c5 7. O-O cxd4 8. Nxd4
Nc6 9. Be3 Bd7 10. f3 Nxd4 11. Bxd4 a5 12. a3 Bc6 13. b4 Re8 14. Qd2 b6 15. Rac1
axb4 16. axb4 Nd7 17. Bf2 Ra3 18. Rfd1 Qb8 19. Bf1 Be5 20. Kh1 Rb3 21. Ne2 Rb2
22. Rc2 Rxc2 23. Qxc2 Qa8 24. Qb1 b5 25. Nd4 bxc4 26. Bxc4 Bxd4 27. Bxd4 Rb8 28.
Qb2 Ne5 29. Bxe5 dxe5 30. h3 Qa7 31. Qxe5 Ba4 32. Rd5 Rc8 33. Rc5 Rxc5 34. bxc5
Qd7 35. Qd5 Qe8 36. Qb7 Bc6 37. Qc7 e6 38. Kh2 Qa8 39. Qb6 Qe8 40. Qc7 Qa8 41.
Qb6 Qe8 42. Ba6 Qd7 43. Qb8+ Kg7 44. Qe5+ Kg8 45. h4 Qe7 46. Kh3 Qd8 47. Qc3 Qa8
48. Bd3 Qd8 49. e5 Kf8 50. Qc4 Bd5 51. Qd4 Qc7 52. Be4 Bxe4 53. fxe4 Kg7 54. Qc3
Qc6 55. Qc4 h5 56. Kg3 Kh6 57. Kf3 Kg7 58. Ke3 Kh6 59. Qd4 Qb5 60. Qc3 Qc6 61.
Qb4 Qa6 62. Kd4 Kg7 63. Qc3 Qa4+ 64. Ke3 Qc6 65. Qa5 Qd7 66. Qa6 Qd1 67. c6 Qg1+
68. Kf3 Qd1+ 69. Ke3 Qg1+ 70. Kd2 Qd4+ 71. Qd3 Qf2+ 72. Kc3 Qb6 73. Qc4 Qa5+ 74.
Kc2 Qc7 75. Qc5 Kh7 76. Kc3 g5 77. g3 Kg6 78. Kc4 gxh4 79. gxh4 Kg7 80. Qd6 Qa7
81. c7 Qa4+ 82. Kc5 Qc2+ 83. Kb6 Qb3+ 84. Ka7 Qc4 85. Qb6 1-0

[Event "TCh-ITA 2012"]
[Site "Arvier ITA"]
[Date "2012.04.30"]
[Round "6"]
[White "Shytaj, Luca"]
[Black "Lostuzzi, Manlio"]
[Result "1/2-1/2"]
[WhiteTitle "IM"]
[BlackTitle "FM"]
[WhiteElo "2496"]
[BlackElo "2414"]
[WhiteTeam "Libertas Nereto"]
[BlackTeam "SS Triestina"]
[WhiteFideId "812633"]
[BlackFideId "802441"]
[EventDate "2012.04.27"]

1. e4 e5 2. Nf3 Nc6 3. Bb5 Bc5 4. O-O Qf6 5. b4 Bxb4 6. c3 Bd6 7. d4 Nge7 8. Bg5
Qg6 9. Bxe7 Nxe7 10. Nbd2 Qf6 11. Qb3 O-O 12. Nc4 Ng6 13. Rad1 exd4 14. cxd4 Bf4
15. Ne3 c6 16. e5 Qd8 17. Bd3 d5 18. Nf5 f6 19. Nd6 fxe5 20. Nxc8 Rxc8 21. Bxg6
hxg6 22. dxe5 Qc7 23. Rfe1 Rce8 24. e6 Rf6 25. g3 Bd6 26. Ng5 Bc5 27. Re2 Rf5
28. Nh3 Bd6 29. Qc2 Re7 30. f4 Qa5 31. Kg2 Qc5 32. Qd3 Qa3 33. Qc2 Qc5 34. Qd3
Qa3 35. Qc2 Qc5 1/2-1/2

[Event "TCh-ITA 2012"]
[Site "Arvier ITA"]
[Date "2012.04.30"]
[Round "6"]
[White "De Eccher, Stefano"]
[Black "Bruno, Fabio"]
[Result "1/2-1/2"]
[WhiteTitle "FM"]
[BlackTitle "IM"]
[WhiteElo "2222"]
[BlackElo "2435"]
[WhiteTeam "SS Triestina"]
[BlackTeam "Libertas Nereto"]
[WhiteFideId "800678"]
[BlackFideId "801038"]
[EventDate "2012.04.27"]

1. e4 c5 2. c4 Nc6 3. Nc3 g6 4. g3 Bg7 5. Bg2 a6 6. a4 Nf6 7. Nge2 d6 8. O-O Bg4
9. f3 Bd7 10. d3 O-O 11. Be3 Rb8 12. Qd2 Na5 13. Rab1 b5 14. axb5 axb5 15. cxb5
Nb3 16. Qd1 Bxb5 17. Qxb3 Bxd3 18. Qa3 Ra8 19. Qb3 Rb8 20. Qa3 Ra8 1/2-1/2